[Event "AUTO-OPEN-362"]
[Site "http://www.queenalice.com/game.php?id=97593"]
[Date "2006.8.19"]
[Round "1"]
[White "Hybriddream"]
[Black "johntelker"]
[Result "1-0"]
[WhiteElo "1500"]
[BlackElo "1623"]

1. f4 d5 2. Nf3 Nf6 3. e3 Bg4 4. Be2 e6 5. O-O c5 6. d4 cxd4 7. exd4 Be7 8. Ne5
Bxe2 9. Qxe2 O-O 10. f5 exf5 11. Rxf5 Nc6 12. Nxc6 bxc6 13. Nc3 Re8 14. Qf3 Rb8
15. b3 Rb7 16. Bf4 g6 17. Re5 Nd7 18. Re2 Bf6 19. Be3 Nf8 20. Rf1 Bg7 21. Na4
Rbe7 22. c3 Qc7 23. Bf4 Qc8 24. Rxe7 Rxe7 25. Bd6 Re4 26. Qxf7+ Kh8 27. Bxf8 1-0

[Event "Challenge"]
[Site "http://www.queenalice.com/game.php?id=98167"]
[Date "2006.8.22"]
[Round "-"]
[White "Lilrob87"]
[Black "Hybriddream"]
[Result "0-1"]
[WhiteElo "1100"]
[BlackElo "1500"]

1. f4 d5 2. Nc3 Nf6 3. Nf3 e6 4. Nd4 Nh5 5. e3 Qh4+ 6. Ke2 Ng3+ 7. hxg3 Qxh1 8.
Nf3 Bd7 9. d3 Nc6 10. Nb5 O-O-O 11. Ne5 Nxe5 12. Nxa7+ Kb8 13. Bd2 Ng4 14. Qe1
Kxa7 15. Kd1 Nh2 16. Qe2 Nxf1 17. Kc1 Nxd2+ 18. Kxd2 Qxa1 19. e4 Qxb2 0-1

[Event "Welcome to a Nightmare"]
[Site "http://www.queenalice.com/game.php?id=100704"]
[Date "2006.8.29"]
[Round "-"]
[White "Hybriddream"]
[Black "shogun"]
[Result "1/2-1/2"]
[WhiteElo "1849"]
[BlackElo "2361"]

1. f4 Nc6 2. Nf3 d6 3. e4 Bg4 4. Bb5 e5 5. O-O Ne7 6. fxe5 dxe5 7. h3 Bh5 8. Qe2
a6 9. g4 axb5 10. gxh5 Nd4 11. Nxd4 Qxd4+ 12. Kh2 b4 13. Qb5+ c6 14. Qxb7 Rd8
15. d3 Qc5 16. c3 Rxd3 17. Qxb4 Qxb4 1/2-1/2

[Event "Welcome to a Nightmare"]
[Site "http://www.queenalice.com/game.php?id=100872"]
[Date "2006.8.30"]
[Round "-"]
[White "Hybriddream"]
[Black "Carlos75"]
[Result "0-1"]
[WhiteElo "1882"]
[BlackElo "2262"]

1. f4 d5 2. Nf3 Bf5 3. e3 e6 4. b3 Qf6 5. Nc3 Nc6 6. Bb5 Ne7 7. Bb2 O-O-O 8. Na4
Qh6 9. a3 a6 10. Be2 d4 11. Bxd4 Nxd4 12. Nxd4 g5 13. fxg5 Qxg5 14. Bf3 Bg7 15.
c3 Bg6 16. b4 e5 17. Nc5 Nd5 18. Nc2 e4 19. Bg4+ Kb8 20. h4 Qh6 21. Qc1 f5 0-1

[Event "Challenge"]
[Site "http://www.queenalice.com/game.php?id=100885"]
[Date "2006.8.30"]
[Round "-"]
[White "Carlos75"]
[Black "Hybriddream"]
[Result "1-0"]
[WhiteElo "2263"]
[BlackElo "1881"]

1. e4 e5 2. Nf3 Nc6 3. Bc4 Nf6 4. Ng5 d5 5. exd5 Na5 6. Bb5+ c6 7. dxc6 bxc6 8.
Be2 h6 9. Nf3 e4 10. Ne5 Bd6 11. d4 O-O 12. O-O Qc7 13. f4 c5 14. Nc3 cxd4 15.
Nb5 Qb6 16. Nxd4 Re8 17. c3 Ba6 18. Bxa6 Qxa6 19. Qe1 Rad8 20. Be3 Nd5 21. Qg3
1-0

[Event "AUTO-MASTER-207"]
[Site "http://www.queenalice.com/game.php?id=100951"]
[Date "2006.8.30"]
[Round "1"]
[White "gillou91"]
[Black "Hybriddream"]
[Result "1-0"]
[WhiteElo "2037"]
[BlackElo "1901"]

1. d4 c5 2. d5 e5 3. e4 d6 4. Nc3 Be7 5. Bb5+ Nd7 6. a4 Bg5 7. Nf3 Bxc1 8. Qxc1
Nh6 9. Nd2 O-O 10. O-O Qf6 11. Nc4 a6 12. Bxd7 1-0

[Event "AUTO-MASTER-207"]
[Site "http://www.queenalice.com/game.php?id=100952"]
[Date "2006.8.30"]
[Round "1"]
[White "Hybriddream"]
[Black "gillou91"]
[Result "0-1"]
[WhiteElo "1872"]
[BlackElo "2048"]

1. f4 d5 2. Nf3 Nf6 3. e3 c5 4. b3 Nc6 5. Bb2 e6 6. Bb5 Bd7 7. O-O a6 8. Bxc6
Bxc6 9. Ne5 Qc7 10. d3 Be7 11. Nxc6 Qxc6 12. Nd2 Rd8 13. f5 d4 0-1

[Event "AUTO-MASTER-207"]
[Site "http://www.queenalice.com/game.php?id=100961"]
[Date "2006.8.30"]
[Round "1"]
[White "Hybriddream"]
[Black "jsm"]
[Result "0-1"]
[WhiteElo "1693"]
[BlackElo "2007"]

1. f4 d5 2. Nf3 c6 3. e3 Nf6 4. b3 Bg4 5. Bb2 Nbd7 6. Be2 e6 7. O-O Bd6 8. d4
O-O 9. c4 dxc4 10. bxc4 Rc8 11. Nc3 Bb8 12. Ne5 Bxe2 13. Qxe2 Qa5 14. Qf2 Qc7
15. Qh4 c5 16. Qg5 cxd4 17. exd4 Qxc4 18. Nxc4 Rxc4 19. Rfd1 h6 0-1

[Event "AUTO-MASTER-207"]
[Site "http://www.queenalice.com/game.php?id=100962"]
[Date "2006.8.30"]
[Round "1"]
[White "jsm"]
[Black "Hybriddream"]
[Result "1-0"]
[WhiteElo "2003"]
[BlackElo "1697"]

1. e4 d5 2. exd5 Qxd5 3. Nc3 Qe6+ 4. Nge2 Na6 5. d4 Bd7 6. Be3 Qd6 7. Ng3 Qb6 8.
Rb1 O-O-O 9. Bd3 Nb4 10. Be4 Nf6 11. Bf3 Bb5 12. a3 Nbd5 13. Nxd5 Nxd5 14. Bxd5
Rxd5 15. Qf3 Qe6 16. Ne2 Rf5 17. Nf4 Qd6 18. Qd1 1-0

[Event "Challenge"]
[Site "http://www.queenalice.com/game.php?id=119270"]
[Date "2006.10.20"]
[Round "-"]
[White "Hybriddream"]
[Black "shogun"]
[Result "0-1"]
[WhiteElo "1758"]
[BlackElo "2389"]

1. e4 Nc6 2. Nf3 d5 3. exd5 Qxd5 4. Nc3 Qa5 5. d4 Bg4 6. Bb5 O-O-O 7. Bxc6 bxc6
8. h3 Qh5 9. Qd3 Bxf3 10. gxf3 e5 11. Qa6+ Kb8 0-1

[Event "Welcome to a Nightmare"]
[Site "http://www.queenalice.com/game.php?id=119870"]
[Date "2006.10.22"]
[Round "-"]
[White "Hybriddream"]
[Black "McErik"]
[Result "0-1"]
[WhiteElo "1757"]
[BlackElo "1561"]

1. e4 d6 2. d4 Nf6 3. Nc3 g6 4. Nf3 Bg7 5. Be2 O-O 6. O-O c5 7. d5 Nbd7 8. Bf4
a6 9. a4 b6 10. Qd2 Qc7 11. Bg5 Bb7 12. Bc4 Ne5 13. Nxe5 dxe5 0-1

[Event "Welcome to a Nightmare"]
[Site "http://www.queenalice.com/game.php?id=120442"]
[Date "2006.10.23"]
[Round "-"]
[White "Hybriddream"]
[Black "johnrbrown"]
[Result "0-1"]
[WhiteElo "1780"]
[BlackElo "1697"]

1. e4 c6 2. d4 d5 3. Nc3 dxe4 4. Nxe4 Bf5 5. Ng3 Bg6 6. h4 h6 7. Nf3 Nd7 8. h5
Bh7 9. Bd3 Bxd3 10. Qxd3 e6 11. Bd2 Qc7 0-1

[Event "AUTO-ADV-284"]
[Site "http://www.queenalice.com/game.php?id=121220"]
[Date "2006.10.25"]
[Round "1"]
[White "ravague"]
[Black "Hybriddream"]
[Result "1-0"]
[WhiteElo "1781"]
[BlackElo "1821"]

1. e4 e5 2. f4 d5 3. exd5 e4 4. Nc3 Nf6 5. Bc4 Bc5 6. Nge2 O-O 7. Na4 Qd6 8. d3
Re8 9. b4 Bxb4+ 10. c3 Bc5 11. d4 Bb6 12. f5 1-0

[Event "AUTO-ADV-284"]
[Site "http://www.queenalice.com/game.php?id=121221"]
[Date "2006.10.25"]
[Round "1"]
[White "Hybriddream"]
[Black "ravague"]
[Result "0-1"]
[WhiteElo "1799"]
[BlackElo "1799"]

1. e4 e5 2. f4 exf4 3. Nf3 d6 4. d4 Nf6 5. Nc3 Bg4 6. Bxf4 Nc6 7. Bb5 a6 8.
Bxc6+ bxc6 9. O-O Be7 10. e5 Nh5 11. Qd2 O-O 0-1

[Event "AUTO-ADV-284"]
[Site "http://www.queenalice.com/game.php?id=121240"]
[Date "2006.10.25"]
[Round "1"]
[White "Hybriddream"]
[Black "whitekings"]
[Result "0-1"]
[WhiteElo "1714"]
[BlackElo "1696"]

1. c4 e5 2. d4 Nc6 3. d5 Nce7 4. e4 Nf6 5. Nc3 d6 6. Nf3 Bg4 7. Be2 Qd7 8. O-O
O-O-O 9. c5 Kb8 10. cxd6 cxd6 0-1

[Event "AUTO-ADV-284"]
[Site "http://www.queenalice.com/game.php?id=121241"]
[Date "2006.10.25"]
[Round "1"]
[White "whitekings"]
[Black "Hybriddream"]
[Result "1-0"]
[WhiteElo "1676"]
[BlackElo "1732"]

1. e4 e5 2. Nf3 Nf6 3. Nxe5 d6 4. Nf3 Nxe4 5. Bc4 d5 6. Bb3 Be7 7. O-O Nc5 8. d4
Nxb3 9. axb3 O-O 10. c4 Nc6 11. Be3 1-0